Antarctic Animals - Statistics

General Stats
  • This quiz has been taken 19 times
  • The average score is 5 of 31
Answer Stats
Hint Animal % Correct
Tallest penguin, survives the harshest winters on Earth Emperor Penguin
75%
Largest animal in the world, comes to feed on krill during summer Blue Whale
58%
Penguin named for its yellow "eyebrow" feathers Macaroni Penguin
50%
Apex predator, hunts seals and whales, misunderstood and feared Orca \ Killer Whale
50%
Penguin with a black line under its chin Chinstrap Penguin
42%
Second-largest penguin with orange-yellow markings King Penguin
33%
Top predator of the Antarctic waters, hunts penguins and other seals Leopard Seal
33%
Classic tuxedo penguin, nests in massive rocky colonies Adélie Penguin
25%
Tiny crustacean that feeds the entire food chain Antarctic Krill
25%
Huge seal with a long trunk-like nose in males Elephant Seal
25%
Penguin with a white line on its head and the fastest swimmer Gentoo Penguin
25%
A whale famous for breaching and long haunting songs Humpback Whale
25%
A fish able to survive being frozen Antarctic Icefish
17%
Seal that eats krill, the most numerous seal in the world Crabeater Seal
8%
Small and fast whale, sometimes spies on boats Minke Whale
8%
Not a true spider, its long legs help it breathe through its skin Sea Spider
8%
Aggressive seabird that raids penguin nests South Polar Skua
8%
Longest wingspan of any bird, spends most of its life at sea Wandering Albatross
8%
Seal with ears and thick fur, breeds on sub-Antarctic islands Antarctic Fur Seal
0%
Key prey species for seals and penguins under sea ice Antarctic Silverfish
0%
Microscopic insect-like creature that survives on algae Antarctic Springtail
0%
White face and black "eyebrows", graceful flier Black-browed Albatross
0%
One of the few true insects that can survive in Antarctica Elephant Island Moth
0%
Lives deep under Antarctic ice, food for many marine mammals Glacial Squid
0%
Rare, mysterious seal with a small head and large eyes Ross Seal
0%
Looks like a macaroni penguin but with a white face Royal Penguin
0%
Only land bird native to Antarctica, scavenges penguin colonies Sheathbill
0%
Pure white bird that glides over icy cliffs and waters Snow Petrel
0%
Large, deep-sea fish adapted to the cold, overfished delicacy Toothfish
0%
Seal that lives further south than any other mammal Weddell Seal
0%
Tiny bird that "walks" on water while feeding Wilson's Snow-Petrel
0%
No matching quizzes found
Score Distribution
Percent of People with Each Score
Percentile by Number Answered
Your Score History
You have not taken this quiz